Rast ekonomiky v prvom štvrťroku ťahala domáca spotreba
V prvom štvrťroku r. 2002 pokračovala slovenská ekonomika vo vysokom raste. Nárast spotreby domácností. Nárast reálnej mzdy, rekordne nízka inflácia. Najväčšie medziročné zvýšenie miezd v zdravotníctve a v sociálnej starostlivosti. Vysoký nárast spotreby štátu. Pokles investícií a zisku. Štvrťročný...
Salvato in:
| Autore principale: | |
|---|---|
| Natura: | Capitolo di libro |
| Lingua: | slovacco |
| Soggetti: | |
| Tags: |
Nessun Tag, puoi essere il primo ad aggiungerne!!
|
MARC
| LEADER | 00000naa a2200000 4500 | ||
|---|---|---|---|
| 001 | r045590 | ||
| 005 | 20230921114124.2 | ||
| 041 | 0 | |a slo | |
| 044 | |a SK | ||
| 245 | 1 | 0 | |a Rast ekonomiky v prvom štvrťroku ťahala domáca spotreba |c Peter Apolen |
| 520 | |a V prvom štvrťroku r. 2002 pokračovala slovenská ekonomika vo vysokom raste. Nárast spotreby domácností. Nárast reálnej mzdy, rekordne nízka inflácia. Najväčšie medziročné zvýšenie miezd v zdravotníctve a v sociálnej starostlivosti. Vysoký nárast spotreby štátu. Pokles investícií a zisku. Štvrťročný rast HDP v SR. | ||
| 610 | 2 | 0 | |a rast hospodársky |
| 610 | 2 | 0 | |a spotreba obyvateľstva |
| 610 | 2 | 0 | |a spotreba |
| 610 | 2 | 0 | |a štát |
| 610 | 2 | 0 | |a inflácia |
| 610 | 2 | 0 | |a mzdy |
| 610 | 2 | 0 | |a zdravotníctvo |
| 610 | 2 | 0 | |a starostlivosť sociálna |
| 610 | 2 | 0 | |a investície |
| 610 | 2 | 0 | |a zisk |
| 610 | 2 | 0 | |a produkt domáci hrubý |
| 610 | 2 | 0 | |a Slovensko |
| 610 | 2 | 0 | |a január-marec |
| 610 | 2 | 0 | |a 2002 |
| 100 | 1 | |a Apolen, Peter | |